[Event "Match"]
[Site "www.echecsemail.com"]
[Date "2016.04.04"]
[Round "1"]
[White "Chtoubidou"]
[Black "Hundegana"]
[WhiteElo "1920"]
[BlackElo "1900"]
[Result "1-0"]
[Round "1"]
1.e4 d5
2.exd5 Qd8xd5
3.Nb1c3 Qd5e6
4.Bf1e2 g6
5.d3 Bf8g7
6.Ng1f3 Nb8c6
7.O-O Ng8f6
8.Rf1e1 Qe6d7
9.Bc1f4 O-O
10.Ra1b1 Rf8e8
11.Nc3e4 Nf6xe4
12.dxe4 e5
13.Bf4g3 Qd7xd1
14.Re1xd1 Bc8e6
15.a3 Ra8d8
16.Rd1xd8 Re8xd8
17.Rb1d1 Rd8xd1
18.Be2xd1 Kf8
19.Bd1e2 Ke7
20.Nf3d2 Nc6d4
21.Be2d3 f6
22.f3 a6
23.Bg3f2 Bg7h6
24.Nd2f1 c5
25.c3 Nd4c6
26.Bf2xc5 Kd7
27.Kf2 Kc7
28.Bc5e3 Bh6f8
29.b4 b5
30.g4 g5
31.Nf1g3 Be6f7
32.Ng3f5 h5
33.h3 hxg4
34.hxg4 Bf7g6
35.Ke2 Bg6xf5
36.exf5 Nc6d8
37.Bd3e4 Nd8f7
38.Kd3 Nf7d8
39.c4 bxc4
40.Kxc4 Nd8f7
41.Be3c5 Bf8xc5
42.Kxc5 Nf7d6
43.a4 Nd6f7
44.b5 axb5
45.axb5 Nf7d8
46.b6 Kb8
47.Kd6 Nd8b7
48.Be4xb7 Kxb7
49.Ke6 Kxb6
50.Kxf6 Kc6
51.Kxe5 Kd7
52.Kf6 Ke8
53.Kxg5 Kf7
54.f4 Kg7
55.f6 Kf7
56.f5 Kf8
57.Kh6 Kg8
58.g5 Kh8
59.g6 Kg8
60.f7 Kf8
61.Kh7 Ke7
62.Kg8 Kf6
63.f8Q Kg5
64.Qf8c5 Kf6
65.Kf8 Kg5
66.g7 Kf6
67.Qc5e7 { resign }
1-0

[Event "Match"]
[Site "www.echecsemail.com"]
[Date "2016.04.04"]
[Round "1"]
[White "Hundegana"]
[Black "Ipolit"]
[WhiteElo "1910"]
[BlackElo "1499"]
[Result "0-1"]
[Round "1"]
1.f4 d5
2.e3 Ng8f6
3.h3 c5
4.d3 Nb8c6
5.a3 e5
6.fxe5 Nc6xe5
7.Bf1e2 Bc8e6
8.Ng1f3 Bf8d6
9.Nf3xe5 Bd6xe5
10.O-O O-O
11.c3 Be5c7
12.Nb1d2 Qd8d6
13.Nd2f3 Nf6h5
14.d4 c4
15.Nf3e5 f6
16.Be2xh5 fxe5
17.Rf1xf8 Ra8xf8
18.g3 exd4
19.Kg2 Qd6xg3
20.Kh1 Qg3h2
{ resign }
0-1

[Event "Match"]
[Site "www.echecsemail.com"]
[Date "2016.04.04"]
[Round "1"]
[White "Mitja"]
[Black "Genius2"]
[WhiteElo "1890"]
[BlackElo "1740"]
[Result "0-1"]
[Round "1"]
1.d4 g6
2.e3 Bf8g7
3.c3 d5
4.h3 Ng8f6
5.Ng1f3 O-O
6.Nb1d2 b6
7.Nd2b3 Bc8b7
8.Bf1e2 Nb8d7
9.c4 e6
10.cxd5 exd5
11.O-O Nf6e4
12.Nf3d2 Nd7f6
13.Nd2xe4 Nf6xe4
14.Nb3d2 Qd8e7
15.Qd1c2 Ra8c8
16.Nd2xe4 dxe4
17.b3 c5
18.Bc1b2 cxd4
19.Qc2d2 d3
20.Be2d1 Bg7xb2
21.Qd2xb2 Rf8d8
22.Ra1c1 Rc8xc1
23.Qb2xc1 Rd8c8
24.Qc1b2 Qe7c5
25.b4 Qc5c3
26.Qb2b1 Qc3a3
27.Bd1b3 d2
28.Qb1a1 Rc8c1
29.Qa1f6 Rc1xf1
30.Kh2 Qa3xb3
{ resign }
0-1

[Event "Match"]
[Site "www.echecsemail.com"]
[Date "2016.04.04"]
[Round "1"]
[White "Ostapbender"]
[Black "Buchauer"]
[WhiteElo "2730"]
[BlackElo "2309"]
[Result "0-1"]
[Round "1"]
1.e4 e5
2.Ng1f3 Nb8c6
3.Bf1c4 Bf8c5
4.c3 Ng8f6
5.d3 O-O
6.Nb1d2 a5
7.O-O d6
8.h3 Bc8e6
9.Rf1e1 a4
10.Bc4b5 Qd8b8
11.Bb5xc6 bxc6
12.d4 exd4
13.cxd4 Bc5b6
14.Qd1c2 Qb8a7
15.Qc2xc6 d5
16.e5 Nf6d7
17.Nd2f1 Bb6xd4
18.Bc1e3 Bd4b6
 { time }
0-1

[Event "Match"]
[Site "www.echecsemail.com"]
[Date "2016.04.04"]
[Round "1"]
[White "Manolinex"]
[Black "Ostapbender"]
[WhiteElo "2890"]
[BlackElo "2700"]
[Result "1-0"]
[Round "1"]
1.g3 g6
2.Bf1g2 Bf8g7
3.d4 c5
4.d5 d6
5.c4 b5
6.cxb5 a6
7.bxa6 Ng8f6
8.Ng1f3 Nb8xa6
9.Nb1c3 O-O
10.O-O  { time }
1-0

[Event "Match"]
[Site "www.echecsemail.com"]
[Date "2016.04.04"]
[Round "1"]
[White "Youvella"]
[Black "Umutkrc"]
[WhiteElo "1499"]
[BlackElo "1699"]
[Result "0-1"]
[Round "1"]
1.f3 e6
2.a4 d5
3.b3 Bf8d6
4.Ng1h3 Ng8f6
5.e3 Nb8c6
6.Ra1a2 Nc6b4
7.Ra2a3 Nb4c6
8.f4 Bd6xa3
9.Bc1xa3 Nf6e4
10.Bf1d3 Ne4f6
11.Ba3b2 Nc6b4
12.Bd3e2 O-O
13.Bb2a3 c5
14.d3 b6
15.Nb1c3 d4
16.Rh1f1 dxe3
17.Ba3xb4 cxb4
18.Nc3a2 e5
19.Na2xb4 Bc8xh3
 { time }
0-1

[Event "Match"]
[Site "www.echecsemail.com"]
[Date "2016.04.04"]
[Round "1"]
[White "Nimzo"]
[Black "Julianlore"]
[WhiteElo "2830"]
[BlackElo "2650"]
[Result "1-0"]
[Round "1"]
1.d4 Ng8f6
2.c4 e6
3.Ng1f3 Bf8b4
4.Bc1d2 Qd8e7
5.g3 Nb8c6
6.Nb1c3 O-O
7.Bf1g2 Bb4xc3
8.Bd2xc3 Nf6e4
9.Ra1c1 d6
10.d5 Ne4xc3
11.Rc1xc3 Nc6d8
12.O-O e5
13.c5 dxc5
14.Qd1c2 e4
15.Nf3e1 f5
16.f3 exf3
17.Bg2xf3 c6
18.Rc3xc5 Kh8
19.Ne1g2 cxd5
20.Rc5c7 Bc8d7
21.Bf3xd5 Qe7d6
22.Qc2c5 Qd6xc5
23.Rc7xc5 Nd8c6
24.Bd5xc6 Bd7xc6
25.Rf1xf5 Rf8d8
26.Ng2f4 Rd8d2
27.b4 a6
28.a3 Rd2a2
29.Rc5c3 Ra2a1
30.Kf2 Kg8
31.Rf5e5 Ra8f8
32.h4  { time }
1-0

[Event "Match"]
[Site "www.echecsemail.com"]
[Date "2016.04.04"]
[Round "1"]
[White "Terrible"]
[Black "Tonino1"]
[WhiteElo "2300"]
[BlackElo "2270"]
[Result "1-0"]
[Round "1"]
1.c4 Ng8f6
2.g3 g6
3.Bf1g2 Bf8g7
4.Nb1c3 O-O
5.d4 d6
6.e4 c6
7.Ng1e2 e5
8.O-O Qd8c7
9.h3 Nf6e8
10.Bc1e3 f5
11.f4 Bc8e6
12.b3 Nb8d7
13.fxe5 dxe5
14.d5 Be6f7
15.exf5 gxf5
16.Rf1xf5 Ne8d6
17.Rf5f1 c5
18.Nc3e4 Nd6xe4
19.Bg2xe4 Nd7f6
20.Be4f5 Nf6h5
21.Ra1c1 e4
22.Kg2 Bf7g6
23.Bf5e6 Kh8
24.Ne2f4 Nh5xf4
25.Be3xf4 Bg7e5
26.Bf4h6 Rf8xf1
{ time. }
1-0

[Event "Match"]
[Site "www.echecsemail.com"]
[Date "2016.04.04"]
[Round "1"]
[White "Coventry"]
[Black "Libiesse"]
[WhiteElo "1790"]
[BlackElo "2070"]
[Result "1-0"]
[Round "1"]
1.d4 d5
2.Ng1f3 e6
3.e3 Ng8f6
4.Bf1d3 Bf8e7
5.b3 Nb8d7
6.Bc1b2 c5
7.O-O cxd4
8.exd4 b6
9.Nf3e5 Bc8b7
10.Nb1d2 Ra8c8
11.Nd2f3 h6
12.Qd1e2 O-O
13.Rf1e1 Be7b4
14.Re1d1 Bb4c3
15.Bb2xc3 Rc8xc3
16.Ne5xd7 Qd8xd7
17.Nf3e5 Rf8c8
18.Ne5xd7 { resign }
1-0

[Event "Match"]
[Site "www.echecsemail.com"]
[Date "2016.04.04"]
[Round "1"]
[White "Guidom"]
[Black "Genius2"]
[WhiteElo "2100"]
[BlackElo "1740"]
[Result "1/2-1/2"]
[Round "1"]
1.e4 Ng8f6
2.Nb1c3 e5
3.Bf1c4 Bf8e7
4.d3 d6
5.Ng1f3 O-O
6.O-O Nb8c6
7.Bc1g5 a6
8.a3 Bc8e6
9.Bg5xf6 Be7xf6
10.Nc3d5 Be6xd5
11.Bc4xd5 Qd8d7
12.Qd1d2 Ra8b8
13.Bd5xc6 Qd7xc6
14.c4 Qc6d7
15.b4 Rf8e8
16.Rf1e1 h6
17.a4 Qd7e6
18.b5 axb5
19.axb5 Rb8a8
20.Qd2b4 b6
21.Nf3d2 Bf6g5
22.Nd2b3 Qe6g6
23.g3 f5
24.f3 fxe4
25.fxe4 Qg6e6
26.Re1f1 Qe6d7
{ draw }
1/2-1/2

[Event "Match"]
[Site "www.echecsemail.com"]
[Date "2016.04.04"]
[Round "1"]
[White "Pinehill"]
[Black "Orae"]
[WhiteElo "2040"]
[BlackElo "1710"]
[Result "1-0"]
[Round "1"]
1.e4 e5
2.d4 Nb8c6
3.d5 Nc6e7
4.c4 Ng8f6
5.Nb1c3 g6
6.Ng1f3 d6
7.Bf1d3 Bf8g7
8.O-O O-O
9.Bc1g5 Bc8g4
10.h3 Bg4xf3
11.Qd1xf3 Ne7c8
12.Qf3e3 Nc8e7
13.f4 Ne7c8
14.c5 h6
15.Bg5h4 c6
16.cxd6 Qd8xd6
17.fxe5 Qd6xe5
18.Bh4g3 Qe5e7
19.dxc6 bxc6
20.Bd3c2 Nc8b6
21.Ra1d1 Ra8d8
22.e5 Nb6c4
23.Qe3e2 Qe7c5
24.Kh1 Rd8e8
25.Nc3a4 Qc5b5
26.b3 Nc4b6
27.Qe2xb5 cxb5
28.Na4xb6 axb6
29.exf6 Bg7h8
30.Bg3d6 Re8e2
31.Bd6xf8 Re2xc2
32.Bf8xh6 Rc2c6
33.Rd1d8 Kh7
34.Rd8xh8 Kxh8
35.Bh6g7 Kh7
36.Rf1f4 g5
37.Rf4f5 Kg6
38.Rf5xb5 g4
39.h4 g3
40.Rb5g5 Kh7
41.Rg5xg3 Rc6c2
42.a4 Rc2c1
43.Kh2 Rc1e1
44.h5 Re1b1
45.Rg3e3 Kg8
46.Re3e8 Kh7
47.Re8h8 { resign }
1-0

[Event "Match"]
[Site "www.echecsemail.com"]
[Date "2016.04.04"]
[Round "1"]
[White "Elogic"]
[Black "Pinehill"]
[WhiteElo "1740"]
[BlackElo "2080"]
[Result "0-1"]
[Round "1"]
1.f4 Ng8f6
2.d3 d5
3.Ng1f3 e6
4.b3 c5
5.Bc1d2 Nb8c6
6.e3 Bf8e7
7.Bf1e2 O-O
8.g3 b6
9.Nf3e5 Qd8c7
10.Ne5xc6 Qc7xc6
11.c4 Bc8b7
12.Be2f3 Rf8e8
13.Nb1c3 Ra8d8
14.Qd1c2 Qc6d7
15.cxd5 exd5
16.d4 cxd4
17.exd4 Be7c5
18.Kd1 Bc5xd4
19.Ra1c1 Bd4e3
20.a4 d4
21.Bf3xb7 dxc3
{ resign }
0-1

[Event "Match"]
[Site "www.echecsemail.com"]
[Date "2016.04.04"]
[Round "1"]
[White "Mdesouza"]
[Black "Coventry"]
[WhiteElo "2200"]
[BlackElo "1860"]
[Result "1-0"]
[Round "1"]
1.e4 e6
2.d4 d5
3.Nb1d2 Bf8e7
4.e5 c5
5.c3 cxd4
6.cxd4 Nb8c6
7.Ng1f3 a6
8.Bf1d3 Nc6b4
9.Bd3b1 h6
10.O-O Bc8d7
11.Rf1e1 Bd7b5
12.Nd2f1 Be7g5
13.Nf3xg5 hxg5
14.Qd1g4 { resign }
1-0

[Event "Match"]
[Site "www.echecsemail.com"]
[Date "2016.04.04"]
[Round "1"]
[White "Norwich"]
[Black "Tonino1"]
[WhiteElo "1630"]
[BlackElo "2040"]
[Result "1-0"]
[Round "1"]
1.Ng1f3 Ng8f6
2.c4 g6
3.b3 Bf8g7
4.Bc1b2 O-O
5.d4 d6
6.e3 c6
7.Bf1e2 Qd8c7
8.O-O Nb8d7
9.Nb1d2 e5
10.Qd1c2 Rf8e8
11.dxe5 dxe5
12.e4 Nd7c5
13.Rf1e1 Nf6d7
14.Be2f1 Nc5e6
15.g3 c5
16.Bf1g2 Ne6d4
17.Nf3xd4 exd4
18.f4 d3
19.Qc2c1 Bg7xb2
20.Qc1xb2 Nd7f8
21.Qb2c3 Bc8e6
22.Qc3xd3 Ra8d8
23.Qd3c3 Qc7d6
24.Nd2f3 Qd6d3
25.Qc3xd3 Rd8xd3
26.Ra1d1 Re8d8
27.Rd1xd3 Rd8xd3
28.Re1e2 Be6g4
29.Kf2 Nf8e6
30.Re2d2 Rd3xd2
31.Nf3xd2 Ne6d4
32.h3 Bg4e6
33.e5 b6
34.Nd2e4 Be6f5
35.Ke3 Nd4c2
36.Kd2 Nc2d4
37.Ne4d6 Bf5e6
38.Kd3 Nd4f5
39.Nd6xf5 Be6xf5
40.Kc3 Kf8
41.g4 Bf5d7
42.a3 Ke7
43.b4 f6
44.exf6 Kxf6
45.Kd3 h5
46.Bg2f3 hxg4
47.hxg4 Bd7e8
48.bxc5 bxc5
49.Ke3 Be8f7
50.Bf3d5 Bf7e8
51.Kf3 Be8a4
52.Ke3 Ba4c2
53.Bd5e4 Bc2b3
54.Be4d3 Bb3d1
55.g5 Kf7
56.Ke4 Ke6
57.Bd3f1 Bd1c2
58.Bf1d3 Bc2d1
59.Ke3 Bd1g4
60.Bd3xg6 Bg4h3
61.Bg6e4 Bh3f1
62.Be4d3 Bf1h3
63.Kf3 a5
64.Kg3  { time }
1-0

[Event "Match"]
[Site "www.echecsemail.com"]
[Date "2016.04.04"]
[Round "1"]
[White "Chapi"]
[Black "Elogic"]
[WhiteElo "2100"]
[BlackElo "1740"]
[Result "1-0"]
[Round "1"]
1.d4 g6
2.Ng1f3 d5
3.Nb1c3 Bf8g7
4.e4 dxe4
5.Nc3xe4 Bc8f5
6.Ne4c5 b6
7.Nc5b3 Qd8d5
8.Bf1e2 Nb8c6
9.O-O O-O-O
10.Bc1f4 Nc6xd4
11.Nb3xd4 Bg7xd4
12.Be2a6 Kb8
13.c3 Bd4xf2
14.Kxf2 Qd5c5
15.Nf3d4 e5
16.Bf4xe5 f6
17.Be5f4 Ng8e7
18.Bf4e3 Ne7d5
19.Qd1f3 c6
20.Nd4xf5 Nd5xe3
21.Nf5xe3 Rd8d2
22.Kg1 Rd2xb2
23.Kh1 f5
24.Rf1d1 Qc5xc3
25.Qf3f4 Ka8
26.Qf4c7 { resign }
1-0

[Event "Eq:Los Tercios-Slap Shot Mates : "]
[Site "www.chess-mail.com"]
[Date "2016.04.04"]
[Round "1"]
[White "Paaliaq"]
[Black "Ericleo1980"]
[WhiteElo "2179"]
[BlackElo "2260"]
[Result "1-0"]
[Round "1"]
1.d4 d5
2.c4 c6
3.Ng1f3 Ng8f6
4.e3 e6
5.Bf1d3 dxc4
6.Bd3xc4 b5
7.Bc4d3 Bc8b7
8.O-O a6
9.a4 Bf8d6
10.e4 Bd6c7
11.e5 Nf6d5
12.Nb1c3 Nd5xc3
13.bxc3 O-O
14.Bd3xh7 Kh8
15.Nf3g5 g6
16.Qd1f3 Kg7
17.Qf3h3 Rf8h8
18.Ng5xe6 fxe6
19.Qh3h6 { resign }
1-0

[Event "Fast Game"]
[Site "www.echecsemail.com"]
[Date "2016.04.04"]
[Round "1"]
[White "Matchbox"]
[Black "Fkarpov"]
[WhiteElo "1959"]
[BlackElo "1970"]
[Result "1/2-1/2"]
[Round "1"]
1.e4 e5
2.Ng1f3 Ng8f6
3.Nf3xe5 d6
4.Ne5f3 Nf6xe4
5.Qd1e2 Qd8e7
6.d3 Ne4f6
7.Bc1g5 Qe7xe2
8.Bf1xe2 Bf8e7
9.Nb1c3 O-O
10.O-O c6
11.Rf1e1 h6
12.Bg5d2 Rf8e8
13.h3 Bc8e6
14.Nf3d4 Be6d7
15.Be2f3 Nb8a6
16.a3 Ra8b8
17.Bd2f4 Be7f8
18.g4 g5
19.Bf4g3 Re8xe1
20.Ra1xe1 { draw }
1/2-1/2

[Event "Fast Game"]
[Site "www.echecsemail.com"]
[Date "2016.04.04"]
[Round "1"]
[White "Elogic"]
[Black "Attatroll"]
[WhiteElo "1720"]
[BlackElo "1810"]
[Result "0-1"]
[Round "1"]
1.b3 Ng8f6
2.e3 g6
3.Bc1b2 Bf8g7
4.d4 O-O
5.c4 d5
6.c5 b6
7.b4 a5
8.cxb6 cxb6
9.bxa5 bxa5
10.a4 Bc8a6
11.Bf1xa6 Nb8xa6
12.Nb1c3 Na6b4
13.Bb2a3 Ra8c8
14.Ba3xb4 axb4
15.Nc3b5 Qd8a5
16.Qd1b3 Rc8c4
17.Ng1e2 Rf8c8
18.O-O Nf6e4
19.Rf1d1 Ne4c3
20.Ne2xc3 bxc3
21.Rd1d3 c2
22.Ra1c1 Rc4b4
{ resign }
0-1

[Event "Tourn. n8621"]
[Site "www.chess-mail.com"]
[Date "2016.04.05"]
[Round "1"]
[White "Goofy"]
[Black "Tartan"]
[WhiteElo "2330"]
[BlackElo "2400"]
[Result "1/2-1/2"]
[Round "1"]
1.e4 c5
2.Ng1f3 Nb8c6
3.d4 cxd4
4.Nf3xd4 e6
5.Nb1c3 a6
6.g3 Ng8e7
7.Bf1g2 Nc6xd4
8.Qd1xd4 Ne7c6
9.Qd4d1 Bf8e7
10.O-O O-O
11.Bc1e3 b5
12.a3 Bc8b7
13.f4 Qd8c7
14.e5 Nc6a5
15.Bg2xb7 Na5xb7
16.Nc3e4 d6
17.exd6 Nb7xd6
18.Ne4xd6 Be7xd6
19.Qd1e2 Ra8c8
20.c3 Rf8d8
21.Ra1d1 Bd6e7
22.Be3d4 Be7c5
{ draw }
1/2-1/2

[Event "Tourn. n8645"]
[Site "www.chess-mail.com"]
[Date "2016.04.05"]
[Round "1"]
[White "Roserl"]
[Black "Hundegana"]
[WhiteElo "1900"]
[BlackElo "1900"]
[Result "1-0"]
[Round "1"]
1.e4 c5
2.Ng1f3 Nb8c6
3.d4 Qd8a5
4.Nb1c3 cxd4
5.Nf3xd4 Nc6xd4
6.Qd1xd4 e5
7.Qd4d1 Ng8f6
8.Bf1d3 h6
9.O-O a6
10.Bc1d2 Qa5b6
11.b3 d6
12.Bd2e3 Qb6c7
13.Nc3e2 b5
14.f3 Bc8b7
15.c4 bxc4
16.Bd3xc4 Bf8e7
17.Ne2g3 Ra8d8
18.Ng3f5 Be7f8
19.Qd1e2 g6
20.Nf5g3 Bf8g7
21.Ra1c1 Qc7d7
22.Bc4xa6 Bb7xa6
23.Qe2xa6 O-O
24.Rf1d1 Nf6e8
25.a4 Ne8f6
26.Rc1c6 d5
27.Rc6xf6 Bg7xf6
28.Qa6xf6 d4
29.Be3xh6 Qd7e6
30.Qf6g7 { resign }
1-0

[Event "Tourn. n8709"]
[Site "www.chess-mail.com"]
[Date "2016.04.05"]
[Round "1"]
[White "Elogic"]
[Black "Roque1"]
[WhiteElo "1830"]
[BlackElo "2070"]
[Result "0-1"]
[Round "1"]
1.b3 e5
2.e4 Nb8c6
3.Ng1f3 Ng8f6
4.Bc1b2 Bf8b4
5.Nf3xe5 Nf6xe4
6.Ne5xf7 Qd8e7
7.Qd1e2 Kxf7
8.Qe2c4 Ke8
9.Bb2xg7 Qe7xg7
10.Qc4xe4 Kd8
11.Qe4h4 Bb4e7
12.Qh4xe7 Qg7xe7
13.Bf1e2 Nc6d4
14.Nb1c3 Nd4xc2
{ resign }
0-1

[Event "Tourn. n8649"]
[Site "www.chess-mail.com"]
[Date "2016.04.05"]
[Round "1"]
[White "Tonino1"]
[Black "Julian"]
[WhiteElo "2200"]
[BlackElo "2080"]
[Result "0-1"]
[Round "1"]
1.d4 d5
2.Ng1f3 e6
3.e3 Ng8f6
4.Bf1d3 c5
5.b3 Nb8c6
6.a3 cxd4
7.exd4 Bf8d6
8.Bc1b2 O-O
9.O-O a6
10.Nb1d2 b5
11.Nf3e5 Bc8b7
12.f4 Nf6e4
13.Nd2xe4 dxe4
14.Bd3xe4 Qd8c7
15.Qd1f3 Nc6xe5
16.fxe5 Bb7xe4
17.Qf3xe4 Bd6e7
18.Rf1f3 Ra8d8
19.Rf3h3 g6
20.Ra1f1 Rd8d5
21.Rf1f6 Be7xf6
22.exf6 Rf8c8
23.Qe4e3 Qc7xc2
24.Qe3h6 Qc2b1
25.Kf2 Qb1xb2
26.Kg3 Rc8c3
27.Kh4 Qb2f2
28.g3 Qf2xf6
 { time }
0-1

[Event "Tourn. n8644"]
[Site "www.chess-mail.com"]
[Date "2016.04.05"]
[Round "1"]
[White "Goofy"]
[Black "Mrfunk"]
[WhiteElo "2300"]
[BlackElo "2210"]
[Result "0-1"]
[Round "1"]
1.e4 c5
2.Ng1f3 d6
3.d4 cxd4
4.Nf3xd4 Ng8f6
5.Nb1c3 a6
6.h3 e5
7.Nd4e2 h5
8.Bc1g5 Bc8e6
9.Bg5xf6 Qd8xf6
10.Nc3d5 Qf6d8
11.Ne2c3 g6
12.Bf1e2 Bf8h6
13.O-O O-O
14.Be2c4 Nb8c6
15.Qd1d3 Ra8c8
16.Bc4b3 Kh7
17.f4 f5
18.fxe5 dxe5
19.exf5 gxf5
20.a3 Nc6d4
21.Bb3a2 Qd8g5
22.Rf1f2 Qg5g7
23.Nd5b6 e4
24.Nc3xe4 fxe4
25.Qd3xe4 Be6f5
26.Rf2xf5 Nd4xf5
27.Nb6xc8 Bh6e3
28.Kh2 Qg7c7
29.Kh1 Kh8
{ resign }
0-1

[Event "Tourn. n8640"]
[Site "www.chess-mail.com"]
[Date "2016.04.05"]
[Round "1"]
[White "Tonino1"]
[Black "Libiesse"]
[WhiteElo "2090"]
[BlackElo "2050"]
[Result "1-0"]
[Round "1"]
1.d4 d5
2.Ng1f3 Ng8f6
3.e3 e6
4.Bf1d3 Nb8d7
5.b3 c5
6.Bc1b2 cxd4
7.exd4 b6
8.O-O Bc8b7
9.Nb1d2 Qd8c7
10.Nf3e5 Bf8d6
11.f4 O-O
12.g4 h6
13.g5 hxg5
14.Ne5xd7 Nf6xd7
15.Qd1h5 f5
16.fxg5 Bd6f4
17.g6 Bf4h6
18.Nd2f3 Nd7f6
19.Qh5h3 Nf6e4
20.Ra1e1 Qc7e7
21.Re1e2 Rf8f6
22.Nf3e5 Ne4g5
23.Qh3g2 Ra8f8
24.h4 Ng5e4
25.Bd3xe4 dxe4
26.Qg2h3 f4
27.h5 f3
28.Re2h2 Rf6f5
29.Ne5g4 f2
30.Rh2xf2 Rf5xf2
31.Rf1xf2 Rf8xf2
32.Ng4xf2 e3
33.Nf2d3 e2
34.Kf2 e1Q
35.Kxe1 Bb7d5
36.c4 Bd5e4
37.Nd3e5 Be4f5
38.Qh3h1 Bf5b1
39.Qh1a8 Qe7f8
40.Qa8xf8 Kxf8
41.a3 Bh6f4
42.Ne5c6 a6
43.Kf2 { resign }
1-0

[Event "Tourn. n8622"]
[Site "www.chess-mail.com"]
[Date "2016.04.05"]
[Round "1"]
[White "Paul30"]
[Black "Koumaak"]
[WhiteElo "1729"]
[BlackElo "1499"]
[Result "1-0"]
[Round "1"]
1.d4 d6
2.e4 e5
3.d5 h6
4.c4 Ng8f6
5.Nb1c3 b6
6.Ng1f3 Bc8g4
7.Bf1e2 c6
8.O-O c5
9.h3 Bg4h5
10.Rf1e1 Bf8e7
11.Bc1d2 O-O
12.a3 a5
13.Nf3h2 Bh5g6
14.Be2f3 Rf8e8
15.Nh2g4 Qd8d7
16.Ng4xf6 Be7xf6
17.Qd1b3 Qd7b7
18.Nc3a4 Nb8d7
19.Bf3g4 Re8d8
20.Bg4xd7 Rd8xd7
21.Qb3xb6 Bg6xe4
22.Qb6xb7 Rd7xb7
23.Re1xe4 Rb7b3
24.Ra1b1 Rb3d3
25.Bd2c3 Ra8b8
26.Kf1 Bf6g5
27.Ke2 f5
28.Kxd3 fxe4
29.Kxe4 Rb8f8
30.f3 Rf8f4
31.Kd3 Bg5f6
32.b3 Rf4f5
33.Bc3xa5 Rf5g5
34.Rb1g1 Rg5g3
35.Ba5c7 Bf6e7
36.Na4c3 Kf7
37.Nc3e4 Rg3g6
38.a4 Ke8
39.Kc3 Kd7
40.Bc7b6 Kc8
41.b4 Kb7
42.a5 Ka6
43.bxc5 dxc5
44.Bb6xc5 Be7xc5
45.Ne4xc5 Ka7
46.Nc5d3 Rg6a6
47.Rg1a1 g5
48.Nd3xe5 Ra6e6
49.Kd4 Re6f6
50.Kc5 Ka6
51.d6 Rf6f5
52.Kd5 Kb7
53.c5 Rf5f4
54.c6 Kc8
55.a6 h5
56.a7 g4
57.a8Q { resign }
1-0

[Event "Tourn. n8605"]
[Site "www.chess-mail.com"]
[Date "2016.04.05"]
[Round "1"]
[White "Osopanda"]
[Black "Hundegana"]
[WhiteElo "1980"]
[BlackElo "1920"]
[Result "1-0"]
[Round "1"]
1.d4 d5
2.c4 dxc4
3.e4 b5
4.a4 c6
5.d5 cxd5
6.exd5 Bc8d7
7.axb5 Bd7xb5
8.Nb1c3 Qd8b6
9.Bc1e3 Qb6b7
10.Ng1f3 Ng8f6
11.Nc3xb5 Qb7xb5
12.Nf3d4 Qb5b4
13.Qd1d2 Qb4xd2
14.Kxd2 Nf6xd5
15.Bf1xc4 Nd5xe3
16.fxe3 e6
17.Bc4b5 Kd8
18.Rh1c1 Nb8d7
19.Nd4c6 Ke8
20.Nc6e5 Ra8d8
21.Ra1xa7 Bf8d6
22.Ne5c6 Rd8c8
23.e4 Bd6f4
24.Kd1 Bf4xc1
25.Kxc1 O-O
26.Kd2 Kh8
27.Ra7xd7 Rc8xc6
28.Bb5xc6 g6
29.b3 Kg7
30.b4 Rf8b8
31.b5 h5
32.Ke3 Kf6
33.Kf4 g5
34.Kf3 Rb8h8
35.e5 Kxe5
36.Rd7xf7 g4
37.Kg3 Kd6
38.h3 gxh3
39.Kxh3 e5
40.Rf7f5 Ke6
41.Rf5f1 e4
42.Kg3 Ke5
43.Rf1d1 h4
44.Kf2 Rh8f8
45.Ke2 Rf8g8
46.Rd1h1 Rg8xg2
47.Kf1 Rg2g4
48.Kf2 Kd4
49.Rh1d1 Kc3
50.b6 Rg4f4
51.Ke3 Rf4g4
52.b7 Rg4g8
53.Bc6xe4 Kb4
54.Rd1c1 Rg8g3
55.Kf4 Rg3g8
56.Rc1c8 Rg8xc8
57.bxc8Q h3
58.Qc8xh3 Kc4
59.Ke5 Kb4
60.Kd4 Kb5
61.Qh3b3 Ka5
62.Kc5 Ka6
63.Qb3b6 { resign }
1-0

[Event "Tourn. n8656"]
[Site "www.chess-mail.com"]
[Date "2016.04.05"]
[Round "1"]
[White "Aperturaf"]
[Black "Squimichele"]
[WhiteElo "2500"]
[BlackElo "2540"]
[Result "0-1"]
[Round "1"]
1.e4 c6
2.d4 d5
3.e5 Bc8f5
4.Ng1f3 e6
5.Bf1e2 Nb8d7
6.O-O Ng8e7
7.Nb1d2 h6
8.Nd2b3 Ne7c8
9.a4 Bf8e7
10.a5 a6
11.Bc1e3 Nc8a7
12.c4 dxc4
13.Nb3d2 O-O
14.Nd2xc4 Na7b5
 { time }
0-1

[Event "Tourn. n8649"]
[Site "www.chess-mail.com"]
[Date "2016.04.05"]
[Round "1"]
[White "Faerieking"]
[Black "Tonino1"]
[WhiteElo "2140"]
[BlackElo "2200"]
[Result "1-0"]
[Round "1"]
1.d4 Ng8f6
2.c4 g6
3.Nb1c3 Bf8g7
4.e4 d6
5.Bc1e3 O-O
6.f3 e5
7.Ng1e2 Nb8c6
8.Qd1d2 Rf8e8
9.h4 Nf6h5
10.d5 Nc6d4
11.O-O-O f5
12.Be3g5 Bg7f6
13.Bg5xf6 Qd8xf6
14.Ne2xd4 exd4
15.Qd2xd4 Qf6xd4
16.Rd1xd4 Nh5g3
17.Rh1g1 Bc8d7
18.Bf1e2 f4
19.Be2d1 a6
20.Kb1 b5
21.cxb5 axb5
22.Rd4b4 Re8b8
23.Bd1b3 Kg7
24.Rg1c1 Rb8b7
25.a4 Ra8b8
26.Nc3xb5 Bd7xb5
27.Rb4xb5 Rb7xb5
28.Rc1xc7 Kh6
29.axb5 Rb8xb5
30.Bb3a4 Rb5b6
31.Rc7c6 Rb6b4
32.Rc6a6 Ng3e2
33.Ba4d7 Rb4c4
34.Ra6xd6 Rc4c1
35.Ka2 Rc1c2
36.Bd7h3 Ne2d4
37.Rd6f6 Rc2c5
38.Rf6xf4 Rc5a5
39.Kb1 Ra5c5
40.Rf4f7  { time }
1-0

[Event "Tourn. n8682"]
[Site "www.chess-mail.com"]
[Date "2016.04.05"]
[Round "1"]
[White "Picalojack"]
[Black "Daquata"]
[WhiteElo "1499"]
[BlackElo "1660"]
[Result "0-1"]
[Round "1"]
1.c4 Ng8f6
2.d4 e6
3.Ng1f3 b6
4.Bc1g5 Bf8e7
5.Nf3e5 Bc8b7
6.Qd1a4 O-O
7.Nb1c3 d6
8.Ne5d3 c5
9.Qa4c2 cxd4
10.Nc3b5 Nb8c6
11.h4 h6
12.Bg5f4 e5
13.Bf4d2 Rf8e8
 { time }
0-1

[Event "Tourn. n8623"]
[Site "www.chess-mail.com"]
[Date "2016.04.05"]
[Round "1"]
[White "Elogic"]
[Black "Jftgalloso"]
[WhiteElo "1850"]
[BlackElo "1760"]
[Result "0-1"]
[Round "1"]
1.b3 e6
2.e4 a6
3.Bc1b2 d6
4.d4 f5
5.f3 fxe4
6.f4 d5
7.Ng1h3 Ng8f6
8.Bf1e2 g6
9.g4 Nf6xg4
10.Be2xg4 Qd8h4
11.Kf1 h5
12.Bg4xe6 Bc8xe6
13.Nh3g5 Qh4xf4
14.Ng5f3 exf3
15.Bb2c1 Be6h3
16.Kf2 Qf4h4
17.Ke3 Bf8h6
18.Kd3 Bh6xc1
19.Qd1xc1 Nb8c6
20.Qc1e3 Qh4e4
21.Qe3xe4 dxe4
22.Kxe4 Bh3g2
23.Rh1g1 f2
24.Rg1xg2 f1Q
25.Rg2xg6 Qf1e1
26.Kd5 O-O-O
{ resign }
0-1

[Event "Match"]
[Site "www.echecsemail.com"]
[Date "2016.04.05"]
[Round "1"]
[White "Liencam2"]
[Black "Wwgia"]
[WhiteElo "2350"]
[BlackElo "2140"]
[Result "1/2-1/2"]
[Round "1"]
1.e4 c5
2.Nb1c3 Nb8c6
3.Ng1f3 g6
4.d4 cxd4
5.Nf3xd4 Bf8g7
6.Bc1e3 Ng8f6
7.Bf1c4 O-O
8.Bc4b3 a5
9.O-O a4
10.Nc3xa4 Nf6xe4
11.Nd4b5 Ra8xa4
12.Bb3xa4 Bg7xb2
13.Ra1b1 Bb2g7
14.Qd1d3 d5
15.c4 e6
16.cxd5 exd5
17.Rb1d1 Bc8e6
18.Be3f4 Qd8a5
19.Ba4b3 Ne4c5
20.Qd3e2 d4
21.Bf4d6 d3
22.Qe2e3 Nc5xb3
23.Bd6xf8 Bg7xf8
24.axb3 Qa5xb5
25.Qe3xd3 Qb5xb3
26.Qd3xb3 Be6xb3
27.Rd1b1 Nc6d4
28.Rf1e1 Bf8c5
29.Re1e8 Kg7
30.Re8d8 h5
31.Rd8xd4 Bc5xd4
32.Rb1xb3 b6
33.Kf1 Kf6
34.Ke2 Ke6
35.h3 Bd4c5
36.f4 Kf5
37.Kf3 Kf6
38.Ke4 Ke6
39.g4 hxg4
40.hxg4 Kf6
41.Rb3d3 Ke6
42.Rd3d5 Bc5f2
43.g5 Bf2c5
44.Rd5e5 Kd7
45.Kd5 Bc5f8
46.f5 gxf5
47.Re5xf5 Ke8
48.Kc6 Bf8c5
49.Rf5xc5 bxc5
50.Kxc5 Kf8
51.Kd5 Kg7
{ draw }
1/2-1/2

[Event "Match"]
[Site "www.echecsemail.com"]
[Date "2016.04.05"]
[Round "1"]
[White "Calponas"]
[Black "Delacey"]
[WhiteElo "2100"]
[BlackElo "1970"]
[Result "0-1"]
[Round "1"]
1.d4 d5
2.c4 c6
3.Nb1c3 e6
4.e3 Ng8f6
5.Ng1f3 Bf8e7
6.Bf1d3 Nb8d7
7.O-O O-O
8.c5 a6
9.a4 Rf8e8
10.a5 Qd8c7
11.b4 e5
12.dxe5 Nd7xe5
13.Nf3xe5 Qc7xe5
14.Bc1b2 Nf6g4
15.g3 Qe5h5
16.h4 g5
17.Kg2 gxh4
18.Rf1h1 h3
19.Rh1xh3 Ng4xe3
20.fxe3 Qh5xh3
21.Kf2 Qh3h2
22.Ke1 Be7g5
{ resign }
0-1

[Event "Match"]
[Site "www.echecsemail.com"]
[Date "2016.04.05"]
[Round "1"]
[White "Libiesse"]
[Black "Vinvangogh"]
[WhiteElo "2070"]
[BlackElo "1480"]
[Result "1-0"]
[Round "1"]
1.d4 d5
2.c4 dxc4
3.Ng1f3 Ng8f6
4.Nb1c3 c6
5.a3 Bc8g4
6.e3 e6
7.Bf1xc4 Bf8d6
8.h3 Bg4xf3
9.Qd1xf3 O-O
10.O-O g6
11.e4 e5
12.d5 h5
13.Bc1g5 Bd6e7
14.Ra1d1 Nb8d7
15.d6  { time }
1-0

[Event "Match"]
[Site "www.echecsemail.com"]
[Date "2016.04.05"]
[Round "1"]
[White "Elogic"]
[Black "Numanoid"]
[WhiteElo "2230"]
[BlackElo "2510"]
[Result "0-1"]
[Round "1"]
1.e3 d6
2.Ng1f3 e5
3.c4 f5
4.d3 Ng8f6
5.Bf1e2 Bf8e7
6.Nb1c3 O-O
7.g3 c6
8.Bc1d2 Nb8d7
9.e4 fxe4
10.Nc3xe4 Nf6xe4
11.dxe4 Nd7c5
12.Qd1c2 Bc8g4
13.Nf3g1 Qd8d7
14.f3 Bg4h5
15.g4 Be7h4
16.Kd1 Bh5g6
17.b4 Nc5a6
18.b5 Na6c5
19.Bd2e3 Nc5e6
20.Qc2b3 Kh8
21.bxc6 bxc6
22.Be2d3 Ra8b8
23.Qb3a4 Ne6d4
24.Be3xd4 exd4
25.Ng1e2 Rf8xf3
26.Qa4c2 c5
27.Ra1b1 Rb8f8
28.h3 Bh4g5
29.Qc2b3 Rf3e3
30.Qb3c2 Rf8f3
31.Rb1b3 Rf3xh3
32.Rh1xh3 Re3xh3
33.Qc2b2 h5
34.gxh5 Bg6xh5
35.Rb3b7 Qd7a4
36.Ke1 Rh3xd3
37.Rb7b8 Kh7
38.Ne2f4 Qa4d1
{ resign }
0-1